LEADER 00960nam a2200229 i 4500 001 000000166665 003 CaOOAMICUS 005 20071115000000.0 008 071115s1965 it u000 u ita u 013 $a144034 040 $aSeMil$bita 100 1 $aPacelli, Carlo.$0(OLS)http://semarc/name/62588 245 13$aIl Canto 7. del Purgatorio /$cCarlo Pacelli. 260 $aTorino ; Genova [etc.] :$bSocietā Editrice Internazionale,$c1965. 300 $a42 p. ;$c23 cm. 490 0 $aLectura Dantis Romana 650 4$aLectura Dantis - Purgatorio - Canto 7.$0(OLS)http://semarc/subject/31726 830 0$aLectura Dantis Romana.$0(OLS)http://semarc/title/24564 850 $aSeMil 852 $aSeMil$W1$xVenegono$y1$m1N II 141$j117828$B117828$CSeMilBibl$Z2$F128565 $81 996 $6245$aIl Canto 7. del Purgatorio$9(OLS)http://semarc/title/238210 996 $6260$aTorino ; Genova [etc.] :$bSocietā Editrice Internazionale$9(OLS)http://semarc/publisher/31868 LEADER 01191nam a2200265 i 4500 001 000000138722 003 CaOOAMICUS 005 20210209175331.0 008 050509s2004 it u000 u ita u 013 $a112677 040 $aSeMil$bita 245 10$aBenedizione della Cappella Casa San Filippo Neri :$bSonvico. 260 $aSonvico :$bFraternitā San Filippo Neri,$cstampa 2004. 300 $a31 p. 500 $aA pič del front. : Diocesi di Lugano. - In custodia. 600 04$aNeri, Filippo .$0(OLS)http://semarc/subject/1201 650 4$aLugano (Diocesi).$0(OLS)http://semarc/subject/32806 700 1 $aLodigiani, Guido .$0(OLS)http://semarc/name/6416 773 0 $aLodigiani, Guido $tOpere di Guido Lodigiani racchiuse in cofanetto.$w()13443 850 $aSeMil 852 $aSeMil$W1$xVenegono$y1$m5R XI 57/4$j92204$B92204$CSeMilBibl$Z2$F98250 $81 961 $aOmaggio: Delpini mons. Mario 996 $6245$aBenedizione della Cappella Casa San Filippo Neri :$bSonvico$9(OLS)http://semarc/title/202797 996 $6260$aSonvico :$bFraternitā San Filippo Neri$9(OLS)http://semarc/publisher/47150